Les stations de la ligne 10 du métro parisien - Mort subite - Statistiques

Statistiques générales
  • Ce quiz a été pris 115 fois
  • Le résultat moyen est 8 sur 16
Answers on the Grid
Answers color-coded by a green-red scale on the quiz's grid according to % correct below.
Boulogne - Pont de Saint-Cloud
Pont de Sèvres
Boulogne - Jean Jaurès
Billancourt
Porte d'Auteuil
Porte de Saint-Cloud
Cardinal Lemoine
Censier - Daubenton
Duroc
Varenne
Vaneau
Sèvres - Lecourbe
Sèvres - Babylone
Bibliothèque François Mitterrand
Gare d'Austerlitz
Gare de Lyon
Cluny - La Sorbonne
Saint-Michel
Mabillon
Saint-Germain-des-Prés
Église d'Auteuil
Église de Pantin
Charles Michels
Boucicaut
La Motte-Picquet - Grenelle
Champs-Élysées - Clémenceau
Chardon-Lagache
Goncourt
Odéon
Solférino
Avenue Émile Zola
Porte de Versailles
 
Statistiques - réponses
Réponse % Correct
Cluny - La Sorbonne
61%
Duroc
57%
Gare d'Austerlitz
57%
La Motte-Picquet - Grenelle
54%
Sèvres - Babylone
54%
Église d'Auteuil
52%
Boulogne - Jean Jaurès
49%
Boulogne - Pont de Saint-Cloud
49%
Mabillon
49%
Odéon
49%
Charles Michels
48%
Cardinal Lemoine
46%
Avenue Émile Zola
44%
Vaneau
41%
Porte d'Auteuil
39%
Chardon-Lagache
36%
Aucun quiz correspondant
Distribution des résultats
% des personnes avec chaque résultat
Percentile par nombre de réponses
Votre historique - résultats
Vous n’avez pas pris ce quiz